| 000 | 00358nam a2200133Ia 4500 | ||
|---|---|---|---|
| 008 | 191014s9999 xx 000 0 und d | ||
| 020 | _a978-81-265-1114-3 | ||
| 082 |
_a546 _bALB |
||
| 100 |
_aCotton, F.A., Wilkinson & Gaus _920468 |
||
| 245 | 0 | _aBasic Inorganic Chemistry 3rd Ed. 1995 | |
| 260 |
_aIndia _bWiley _c2018 |
||
| 300 | _aXii,838 | ||
| 942 | _cBK | ||
| 999 |
_c531054 _d531054 |
||